00404nam a2200121Ia 4500008004100000024004400041082001900085100006200104245003200166260002500198600002100223650003800244250506s9999 xx 000 0 und d a15B-095-BS, 15B-089-BS & 15B-073-BS a004.347072 MUH aMuhammad Ahmed Jamil, Mohaddis Hassan & Hafiz Abdul Rafay 0aLabor on Demand Version 2.0 aKarachi:bUIT,c2015 aComputer Science aBachelor of Computer Science (BS)